000 00492nam a2200217Ia 4500
003 OSt
005 20220924142835.0
006 a|||||r|||| 00| 0
007 ta
008 ASM
024 _a303481
037 _cTextual
040 _aARTS
_cARTS
_bASM
041 _2ASM
_aASM
082 _aO152,3N09x, 158N6
245 0 _aJapanor kola
260 _c1996
650 _aHINDI LITERATURE
_923866
942 _hO152,3N09x, 158N6
_cTEXL
_2CC
999 _c452136
_d452136